« Retourner aux résultats de recherche
Magie à croquer
| Auteur principal: | Kathryn Littlewood |
|---|---|
| D'autres auteurs: | Juliette Lê |
| Support: | Livres |
| Langue: | Francais |
| Publié: |
2022 Pocket junior Paris |
| Series: |
La pâtisserie Bliss |
| Genre: |
Roman enfant |
| Collection: |
|
| Sujets: | |
| Étiquettes: |
Ajouter
Pas de Tags !
|
| LEADER | 01346nam0a2200229 450 | ||
|---|---|---|---|
| 001 | 16839877 | ||
| 010 | |a 978-2-266-32368-0 |b br. |d 7,95 | ||
| 100 | |a 20220322d2022 u u0frey01 ba | ||
| 101 | 1 | |a fre |c | |
| 102 | |a FR | ||
| 200 | 0 | |a Magie à croquer |f Kathryn Littlewood |g traduit de l'anglais (Etats-Unis) par Juliette Lê | |
| 207 | 1 | |a | |
| 210 | |a Paris |c Pocket junior |d 2022 | ||
| 215 | |a 1 vol. (330 p.) |d 18 cm | ||
| 225 | 1 | |v tome | |
| 330 | |a Des aventures délicieusement drôles qui mêlent famille, cookies et magie, maintenant en poche sous le label Best-seller ! Cela fait deux semaines que Rose a vaincu la diabolique tante Lily au Gala des Grands Gâteaux Géants. Elle a retrouvé le livre de recettes magiques de sa famille, mais sa toute nouvelle célébrité lui pèse. En outre, M. Beurre, de la Corporation des Véritables Petits Gâteaux, la kidnappe : il veut parfaire ses propres recettes à l'aide de la magie Bliss et fomente des projets démoniaques pour conquérir le monde ! Seules Rose et sa nouvelle équipe de pâtissiers peuvent l'en empêcher... | ||
| 461 | 0 | |t La pâtisserie Bliss |v 3 | |
| 700 | 0 | |a Littlewood |b Kathryn |4 70 | |
| 702 | 0 | |a Lê |b Juliette |4 730 | |
| 900 | |a Roman enfant | ||
| 901 | |a Accessible au prêt | ||
| 995 | |a Bibliothèque |c Bibliothèque |f 024022708 |h 024022708 |k E C3 LIT |o p |q j |r az |e Bibliothèque | ||
